Porovnanie niektorých kraniologických znakov mačky domácej (Felis domestica) z okolia Zvolena s mačkou divou (Felis silvestris)

Bibliographic Details
Main Author: Pataky, Tibor, 1960- (Author)
Format: Article
Language:Slovak
PhysicalDescription:Sch. 4. Tb. 4. Res. rus., angl., nem., lit. 9 zázn. v slov., češ., nem.
Subjects:

MARC

LEADER 00000nab a2200000 a 4500
001 vtls000300218
003 SK-MaSNL
005 20260303192816.0
008 160204c1987 xo 0 slo
015 |a SNBRA19rr/mm-uuuuu 
035 |a CL0310337 
040 |a SNKBUCL  |b slo  |c SNKBUCL  |e AACR2 
041 0 |a slo 
044 |a xo  |c SK 
080 |a 599.742.7:636.8:591.471.4  |2 1981 
080 |a 636.8  |2 1981 
080 |a 591.471.4  |2 1981 
080 |a 591.471  |2 1981 
100 1 |a Pataky, Tibor,  |d 1960-  |4 aut  |9 233678 
245 1 0 |a Porovnanie niektorých kraniologických znakov mačky domácej (Felis domestica) z okolia Zvolena s mačkou divou (Felis silvestris)  |c Tibor Pataky 
300 |b Sch. 4. Tb. 4. Res. rus., angl., nem., lit. 9 zázn. v slov., češ., nem. 
650 0 7 |a mačka divá  |2 snkbucl  |9 78470 
650 0 7 |a mačka domáca  |2 snkbucl  |9 239086 
655 7 |a články zo zborníkov  |2 snkbucl  |9 166140 
773 0 |t Folia venatoria 17  |d Bratislava : Príroda, 1987  |g S. 169-181 
850 |a Slovenská národná knižnica v Martine  |a MTA001 
852 |a SNK  |b KIS3GCP 
958 |a NB 
958 |a RK 
992 |a RZB 
999 |c 2148821  |d 2150751